Statistics for Goal Scorers for France at the 2014 FIFA World Cup

Click here to take the quiz!

General Stats

  • This quiz has been taken 208 times
  • The average score is 5 of 8

Answer Stats

# goalsAnswer% Correct
3 goalsKarim Benzema
94%
1 goalPaul Pogba
86%
1 goalOlivier Giroud
78%
1 goalBlaise Matuidi
60%
1 goalMathieu Valbuena
59%
1 goalMoussa Sissoko
44%
Own goal by opponentJoseph Yobo (Nigeria)
18%
Own goal by opponentNoel Valladares (Honduras)
12%

Score Distribution

Percentile by Number Answered

Percent of People with Each Score

Your Score History

You have not taken this quiz